| 000 | 01341nam a2200289Ia 4500 | ||
|---|---|---|---|
| 999 |
_c5063 _d5063 |
||
| 003 | OSt | ||
| 005 | 20200513125914.0 | ||
| 008 | 191128s2010 ck ao gr 000 0dspa d | ||
| 020 | _a9789588323350 | ||
| 040 |
_aCO-JMCR _cCO-JMCR |
||
| 041 | 0 | _aspa | |
| 082 |
_a307.16 / _bM236a _223 |
||
| 100 | 1 |
_aMalagón Castro, Dimas, _eautor _94262 |
|
| 245 | 1 | 3 |
_aEl ABC de los suelos : _bpara no expertos / _cDimas Malagón Castro, Ricardo Fabián Siachoque Bernaluy, Julián Serna Giraldo |
| 260 |
_aBogotá : _bInstituto Geográfico Agustín Codazzi, _c2010 |
||
| 300 |
_a132 páginas : _bfotografías a color ; _c 21 x 27 cm. |
||
| 504 | _aIncluye bibliografía. | ||
| 505 | _aConceptos básicos -- ¿Cómo se elaboran los estudios de suelos? -- ¿Para qué y a quiénes les sirven los estudios de suelos? | ||
| 520 | _aUn país que investiga sobre sus suelos podrá generar los conocimientos y servicios necesarios para ordenar, racional e integralmente su territorio, planificar las actividades productivas, ambientales y sociales. | ||
| 546 | _aspa | ||
| 650 | 1 | 4 |
_aSuelos _zColombia _94263 |
| 650 | 2 | 4 |
_aSuelos _xClasificación _zColombia _94264 |
| 650 | 2 | 4 |
_aAnálisis del suelo _zColombia _94265 |
| 700 | 1 |
_aSiachoque Bernaluy, Ricardo Fabián, _eautor _94266 |
|
| 700 | 1 |
_a Serna Giraldo, Julian, _eautor _94267 |
|
| 942 |
_2ddc _cBK |
||